LEADER 01555nam2-2200349---450 001 990008561020403321 005 20220404115346.0 035 $a000856102 100 $a20071008d2006----km-y0itay50------ba 101 0 $aita$aeng 102 $aIT 105 $aa-------001yy 200 1 $a<>vulcanismo medio-pleistocenico dell'Appennino Laziale-Abruzzese$edalle peculiarità scientifiche agli aspetti applicativi$d= Middle-Pleistocene volcanism in the Latiun-Abruzzi Apennines$efron scientific pecularities to applicative aspects$fa cura di M. D'Orefice ... [et al.] 210 $aFirenze$cSELCA$d2006 215 $a66 p.$cill.$d29 cm 300 $aIn testa al front.: APAT, Dipartimento difesa del suolo, Servizio geologico d'Italia 461 0$1001000183668$12001$aMemorie descrittive della carta geologica d'Italia$v72 610 0 $aVulcanismo 610 0 $aAppennino 676 $a551$v20$zita 702 1$aD'Orefice,$bMaurizio 712 02$aAPAT.$bServizio geologico d'Italia 801 0$aIT$bUNINA$gRICA$2UNIMARC 856 4 $zTesto disponibile sul sito dell'ISPRA$uhttp://www.isprambiente.gov.it/it/pubblicazioni/periodici-tecnici/memorie-descrittive-della-carta-geologica-ditalia/il-vulcanismo-medio-pleistocenico-dellappennino$e20150916 901 $aBK 912 $a990008561020403321 952 $aColl.012(072)$bB.F.L.F. 56275$fILFGE 952 $a60 PER. IT. 253 (072)$b10934$fFAGBC 959 $aFAGBC 959 $aILFGE 996 $aVulcanismo medio-pleistocenico dell'Appennino Laziale-Abruzzese$9708611 997 $aUNINA LEADER 01142nam a22002775i 4500 001 991002193999707536 007 cr nn 008mamaa 008 121227s1983 gw | s |||| 0|eng d 020 $a9783540386667 035 $ab14135863-39ule_inst 040 $aBibl. Dip.le Aggr. Matematica e Fisica - Sez. Matematica$beng 082 04$a515$223 100 1 $aKantorovitz, Shmuel$054813 245 10$aSpectral theory of Banach space operators$h[e-book] :$bCk-classification, abstract Volterra operators, similarity, spectrality, local spectral analysis /$cby Shmuel Kantorovitz 260 $aBerlin :$bSpringer,$c1983 300 $a1 online resource (179 p.) 440 0$aLecture Notes in Mathematics,$x0075-8434 ;$v1012 650 0$aMathematics 650 0$aGlobal analysis (Mathematics) 773 0 $aSpringer eBooks 856 40$uhttp://dx.doi.org/10.1007/BFb0064288$zAn electronic book accessible through the World Wide Web 907 $a.b14135863$b03-03-22$c05-09-13 912 $a991002193999707536 996 $aSpectral theory of Banach space operators$983136 997 $aUNISALENTO 998 $ale013$b05-09-13$cm$d@ $e-$feng$ggw $h0$i0